| 000 | 00000nam 2200000zi 4500 |
| 001 | 9.943481 |
| 003 | CaOODSP |
| 005 | 20250109131434 |
| 006 | m o d f |
| 007 | cr |n||||||||| |
| 008 | 240920t20242024oncad ob f000 0 eng d |
| 020 | |a9780660732541 |
| 040 | |aCaOODSP|beng|erda|cCaOODSP |
| 043 | |an-cn--- |
| 086 | 1 |aM103-3/81-2024E-PDF |
| 100 | 1 |aDjamai, N., |eauthor. |
| 245 | 10|aPython version of simplified level 2 prototype processor for retrieving canopy biophysical variables from Sentinel 2 multispectral data / |cN. Djamai, R.A. Fernandes, L. Sun, F. Canisius, and G. Hong. |
| 264 | 1|a[Ottawa] : |bGeomatics Canada, |c2024. |
| 264 | 4|c©2024 |
| 300 | |a1 online resource (i, 9 pages) : |bcolour illustration, charts. |
| 336 | |atext|btxt|2rdacontent |
| 337 | |acomputer|bc|2rdamedia |
| 338 | |aonline resource|bcr|2rdacarrier |
| 490 | 1 |aOpen file, |x2292-7875 ; |v81 |
| 504 | |aIncludes bibliographical references (pages 8-9). |
| 650 | 0|aPhytogeography|xMaps. |
| 650 | 0|aPhytogeography|xClimatic factors. |
| 650 | 6|aPhytogéographie|xCartes. |
| 650 | 6|aPhytogéographie|xFacteurs climatiques. |
| 710 | 2 |aGeomatics Canada, |eissuing body. |
| 830 | #0|aOpen file (Geomatics Canada)|v81.|w(CaOODSP)9.821474 |
| 856 | 40|qPDF|s914 KB|uhttps://publications.gc.ca/collections/collection_2025/rncan-nrcan/M103-3-81-2024-eng.pdf |
| 856 | 4 |qHTML|sN/A|uhttps://doi.org/10.4095/p8stuehwyc |